000 00307nam a22001217a 4500
008 230629b xxu||||| |||| 00| 0 eng d
082 _a348.
_bCLB 1992
245 _aCommonwealth Law Bulletin
260 _bCommonwealth Secretariat
_c1992
300 _aXX,1251p
440 _n3
_v18
_x03050718
942 _2ddc
_cBK
999 _c3121
_d3121